[Event "Gdansk op"]
[Site "Gdansk"]
[Date "2009.07.23"]
[Round "6"]
[White "Garbowska, Hanna"]
[Black "Bieluszewski, Piotr"]
[Result "0-1"]
[WhiteElo "2041"]
[BlackElo "2162"]
[PlyCount "55"]
[EventDate "2009.07.19"]
[EventType "swiss"]
[EventRounds "9"]
[EventCountry "POL"]
[SourceTitle "CBM 131 Extra"]
[Source "ChessBase"]
[SourceDate "2009.09.03"]
[SourceVersion "2"]
[SourceVersionDate "2009.09.16"]
[SourceQuality "1"]

1. e4 c5 2. Nf3 e6 3. d4 cxd4 4. Nxd4 Nf6 5. Nc3 d6 6. Be2 a6 7. a4 d5 8. exd5 Nxd5 9. Nxd5 Qxd5 10. Bf3 Qa5+ 11. c3 Qc7 12. 0-0 Bd6 13. h3 0-0 14. Be4 f5 15. Bc2 Nc6 16. Nf3 Bd7 17. Re1 Rae8 18. Qe2 h6 19. Nh4 Rf6 20. g4 Bc5 21. Be3 Bxe3 22. Qxe3 Ne7 23. g5 Nd5 24. Qd4 hxg5 25. Nxf5 Nf4 26. Nd6 Nxh3+ 27. Kg2 Rxf2+ 28. Kxh3 0-1